| 000 | 01087nam a22003257a 4500 | ||
|---|---|---|---|
| 003 | CHAP | ||
| 005 | 20220329133222.0 | ||
| 008 | 971013s r 00010 d | ||
| 010 | _a3533 | ||
| 011 | _a4505 | ||
| 035 | _a3709 | ||
| 040 | _cCHAP | ||
| 090 | _aFolleto 12778 | ||
| 110 |
_aUniversidad Autónoma de Baja California. Facultad de Ciencias Agrícolas _9116307 |
||
| 245 | _aDiagnóstico de preñez en ganado bovino | ||
| 260 |
_a[Méxicali, B.C.] : _bLa Universidad, _c[199?] |
||
| 300 |
_a5 p. _b; ilus |
||
| 490 |
_aManual del productor _v; 2 |
||
| 500 | _ac.4 en bodega | ||
| 590 |
_aBATCH-UPD _b10 _c20130110 _lUCH01 _h0049 |
||
| 590 |
_aBATCH-UPD _b10 _c20130110 _lUCH01 _h1606 |
||
| 590 |
_aCONVERSION _b10 _c20130109 _lUCH01 _h1303 |
||
| 650 | 1 | 4 |
_aGanado vacuno _xFecundidad. _945466 |
| 830 | 0 |
_aManual del productor _v; 2 _970627 |
|
| 901 | _aBK | ||
| 942 | _cFOLL | ||
| 949 |
_aFolleto 12778 _bBC _cFOLL _d-13234 _eTS1 _i3709 _mD _si |
||
| 949 |
_aFolleto 12778 _bBC _cFOLL _d-72927 _eTS2 _fc.2 _i3709 _mD _si |
||
| 949 |
_aFolleto 12778 _bBC _cFOLL _d-72928 _eTS2 _fc.3 _i3709 _mD _si |
||
| 999 |
_c3533 _d3533 |
||